000 00666nam a2200277Ia 4500
005 20260324151033.0
008 008 260324s9999 xx 000 0 eng d
020 _a9781315011882
037 _aEBOOK
040 _aCRL
040 _beng
040 _cCRL
041 _2eng
041 _aeng
084 _qCRL
100 _aW. Woodhill Rockhill
_91228503
245 4 _aThe Life of the Buddha and the Early History of His Order
260 _bTaylor and Francis
260 _c1907
365 _a
365 _b420
856 _uhttp://www.taylorfrancis.com/books/9781315011882
942 _cEBOOK
999 _c1838955
_d1838955